Van Halen Albums Tile Select - Statistics

General Stats
  • This quiz has been taken 91 times
  • The average score is 47 of 54
Answer Stats
Question Tile Select % Correct
the following songs that are on 1984 (1984). Jump Yes
99%
the following songs that are on 1984 (1984). Romeo Delight No
99%
the following songs that are on Van Halen (1978). Runnin' with the Devil Yes
99%
the following songs that are on Van Halen (1978). You Really Got Me Yes
99%
the following songs that are on Van Halen II (1979). Dance the Night Away Yes
97%
the following songs that are on 1984 (1984). Hear About It Later No
97%
the following songs that are on 1984 (1984). Hot for Teacher Yes
97%
the following songs that are on 1984 (1984). Panama Yes
97%
the following songs that are on Van Halen (1978). Unchained No
97%
the following songs that are on Van Halen (1978). You're No Good No
97%
the following songs that are on Van Halen (1978). Eruption Yes
96%
the following songs that are on 1984 (1984). Top Jimmy Yes
96%
the following songs that are on Van Halen (1978). Ain't Talkin' 'bout Love Yes
95%
the following songs that are on 1984 (1984). Where Have All the Good Times Gone! No
95%
the following songs that are on Van Halen II (1979). Beautiful Girls Yes
94%
the following songs that are on Diver Down (1982). Everybody Wants Some!! No
94%
the following songs that are on Diver Down (1982). House of Pain No
94%
the following songs that are on Diver Down (1982). (Oh) Pretty Woman Yes
94%
the following songs that are on Van Halen (1978). Somebody Get Me a Doctor No
94%
the following songs that are on Van Halen (1978). And the Cradle Will Rock... No
92%
the following songs that are on 5150 (1986). Cabo Wabo No
92%
the following songs that are on 5150 (1986). Don't Tell Me (What Love Can Do) No
92%
the following songs that are on Van Halen II (1979). Ice Cream Man No
92%
the following songs that are on Diver Down (1982). Mean Street No
92%
the following songs that are on Van Halen II (1979). On Fire No
92%
the following songs that are on 5150 (1986). Right Now No
92%
the following songs that are on Van Halen (1978). Atomic Punk Yes
91%
the following songs that are on 5150 (1986). Why Can't This Be Love Yes
91%
the following songs that are on 5150 (1986). Black and Blue No
90%
the following songs that are on 5150 (1986). Dreams Yes
90%
the following songs that are on Van Halen II (1979). Jamie's Cryin' No
90%
the following songs that are on Diver Down (1982). Little Guitars Yes
90%
the following songs that are on Van Halen II (1979). Spanish Fly Yes
90%
the following songs that are on 5150 (1986). Summer Nights Yes
90%
the following songs that are on 1984 (1984). Hang 'Em High No
88%
the following songs that are on Diver Down (1982). Dancing in the Street Yes
86%
the following songs that are on 1984 (1984). I'll Wait Yes
86%
the following songs that are on Van Halen II (1979). So This Is Love? No
86%
the following songs that are on OU812 (1988). Poundcake No
83%
the following songs that are on Van Halen II (1979). Feel Your Love Tonight No
81%
the following songs that are on 5150 (1986). Love Walks In Yes
81%
the following songs that are on 5150 (1986). Best of Both Worlds Yes
79%
the following songs that are on Diver Down (1982). Push Comes to Shove No
79%
the following songs that are on OU812 (1988). Amsterdam No
77%
the following songs that are on OU812 (1988). Finish What Ya Started Yes
77%
the following songs that are on Van Halen II (1979). Light Up the Sky Yes
74%
the following songs that are on OU812 (1988). Top of the World No
74%
the following songs that are on OU812 (1988). Runaround No
73%
the following songs that are on OU812 (1988). Mine All Mine Yes
69%
the following songs that are on OU812 (1988). When It's Love Yes
69%
the following songs that are on Diver Down (1982). The Full Bug Yes
67%
the following songs that are on OU812 (1988). Can't Stop Lovin' You No
65%
the following songs that are on Diver Down (1982). Secrets Yes
65%
the following songs that are on OU812 (1988). Feels So Good Yes
63%
No matching quizzes found
Score Distribution
Percent of People with Each Score
Percentile by Number Answered
Your Score History
You have not taken this quiz